50 Busiest Air Routes from the United States on a Map - Statistics

General Stats
  • This quiz has been taken 5,368 times
  • The average score is 41 of 50
Answers on the Map
Answers color-coded by a green-red scale on the quiz's map according to % correct below.
 
Answer Stats
# City % Correct
16,064,106 London
99%
6,757,453 Mexico City
98%
6,770,248 Paris
98%
1,825,883 Rome
98%
8,703,590 Tokyo
98%
2,046,480 Dublin
97%
2,204,978 Madrid
97%
11,889,668 Toronto
97%
4,862,532 Amsterdam
96%
3,100,418 Dubai
96%
1,739,579 Sydney
96%
3,012,873 Beijing
95%
1,665,656 Istanbul
95%
5,157,124 Seoul
95%
5,044,604 Vancouver
95%
6,557,880 Frankfurt
93%
2,911,705 Hong Kong
93%
2,406,549 Shanghai
93%
1,135,762 Brussels
92%
1,499,864 Buenos Aires
92%
1,733,642 Lima
91%
1,379,921 Manchester
91%
2,033,402 Munich
90%
2,403,338 Taipei
90%
1,408,415 Tel Aviv
90%
2,847,842 Panama City
89%
1,757,114 Zurich
89%
2,096,911 Bogota
88%
3,629,238 Montreal
88%
3,605,138 Sao Paulo
88%
1,145,558 Abu Dhabi
86%
1,139,364 Osaka
86%
1,272,195 Doha
84%
8,026,385 Cancún
83%
2,072,659 Nassau
77%
3,039,346 Calgary
76%
1,228,672 Edmonton
74%
1,165,171 Guatemala City
73%
1,927,319 San José
73%
1,734,538 San Salvador
73%
2,968,826 Guadalajara
72%
2,099,033 Santo Domingo
72%
1,057,252 Port-au-Prince
71%
1,141,727 Monterrey
59%
2,313,185 San Jose del Cabo
51%
1,479,466 Aruba
41%
1,240,326 Santiago
37%
2,455,793 Montego Bay
36%
2,862,789 Punta Cana
35%
1,711,511 Puerto Vallarta
27%
No matching quizzes found
Score Distribution
Percent of People with Each Score
Percentile by Number Answered
Your Score History
You have not taken this quiz